Advertising

Na minha lista:
Detalhes bibliográficos
Autor principal: Reichert, Gene (Autor)
Formato: Livro
Idioma:inglês
Publicado em: Nueva York Alexander Hamilton Institute 1972
Edição:1a. ed
coleção:Modern Business
Assuntos:
Tags: Adicionar Tag
Sem tags, seja o primeiro a adicionar uma tag!

MARC

LEADER 00000cam a2200000 a 4500
001 UCD7248
003 CL-VaPUC
008 170317e19720000us |||||||||||||||||eng|d
082 0 4 |a 659.1  |b REI  |2 21 
100 0 |a Reichert, Gene  |e author  |9 591199 
245 1 0 |a Advertising 
250 |a 1a. ed 
300 |a 365 p 
942 |c BK 
945 |d 20170317 22:16:00  |a dcastane 
260 |a Nueva York  |b Alexander Hamilton Institute  |c 1972 
650 0 |a Publicidad  |9 314572 
650 7 |a PERSUASION  |2 CL-VaPUC  |9 333321 
650 7 |a COMUNICACION DE MASAS  |2 CL-VaPUC  |9 334823 
583 |a last modification  |c 20170317 22:16:00  |k Rodrigo Vera 
490 0 |a Modern Business 
999 |c 367310  |d 367308 
952 |0 0  |1 0  |3 erd  |4 0  |6 659_100000000000000_REI_1972  |7 0  |8 A  |9 482134  |a BIBENE  |b BIBENE  |i 5381576  |o 659.1 REI 1972  |p 5381576  |r 2025-01-15  |w 2019-11-24  |y BK  |z Catalogado en:20170317  |k ICO